Filosofía y ciencia en la geografía contemporánea. Una introducción a la Geografía

সংরক্ষণ করুন:
গ্রন্থ-পঞ্জীর বিবরন
প্রধান লেখক: Capel, Horacio (Author)
বিন্যাস: গ্রন্থ
ভাষা:স্প্যানিশ
প্রকাশিত: Barcelona, España Del Serbal 2012
মালা:La Estrella Polar, 60
বিষয়গুলি:
অনলাইন ব্যবহার করুন:Disponible Online
ট্যাগগুলো: ট্যাগ যুক্ত করুন
কোনো ট্যাগ নেই, প্রথমজন হিসাবে ট্যাগ করুন!

MARC

LEADER 00000cam a2200000 a 4500
001 UCE5472
003 CL-VaPUC
005 20210122120757.0
008 150109e20120000sp |||||||||||||||||spa|d
999 |c 358188  |d 358186 
020 |a 9788476286890 
040 |c Pontificia Universidad Católica de Valparaíso 
082 0 4 |a 910.01 CAP 2012  |b    |2 21 
100 0 |a Capel, Horacio  |e author  |9 578130 
245 1 0 |a Filosofía y ciencia en la geografía contemporánea.  |b Una introducción a la Geografía 
260 |a Barcelona, España   |b Del Serbal  |c 2012 
300 |a 477 páginas  
490 0 |a La Estrella Polar, 60 
583 |a last modification  |c 20150428 01:00:43  |k Rodrigo Vera 
650 |a Geografía contemporánea  |x Filosofía   |9 859557 
650 |a Geografía contemporánea  |x Ciencia   |9 859558 
852 |a BIBCUR 
856 4 |u http://bibliografiaobligatoria.pucv.cl.pucv.idm.oclc.org/index.php/bibliotecapucv/catalog/book/64  |y Disponible Online  
942 |c BK  |2 ddc 
945 |d 20150109 08:57:00  |a arojas 
952 |0 0  |1 0  |3 erb  |4 0  |6 910_010000000000000_CAP_2012  |7 0  |8 A  |9 466734  |a BIBING  |b BIBING  |i 5134544  |l 1  |o 910.01 CAP 2012  |p 5134544  |r 2025-01-20  |s 2023-06-27  |w 2019-11-23  |y BK  |z Catalogado en:20150109  |k GEO 
952 |0 0  |1 0  |3 erb  |4 0  |6 910_010000000000000_CAP_2012  |7 0  |8 A  |9 466735  |a BIBING  |b BIBING  |i 5148057  |l 1  |o 910.01 CAP 2012  |p 5148057  |r 2025-01-20  |s 2023-06-27  |w 2019-11-23  |y BK  |z Catalogado en:20150430  |k GEO